000 00739cam a2200217 a 4500
001 castawayheart00camp
003 CaSfIA
005 20230525154921.0
007 cr||||
008 911101s1991 xxk | 000 ||eng|d
020 _a0821734040
035 _a(UK-BiTAL)b86f6653ecd44b318cf29820ab8939b3
035 _a()0821734040
040 _dGW
_dUK-BiTAL
_dBIBLIOS
_dCaSfIA
100 1 _aCampbell, Colleen.
245 1 0 _aCastaway heart.
_h[electronic resource]
260 _bZebra Books,
_c1991.
300 _a17cm.384.
856 4 1 _uhttp://www.archive.org/details/castawayheart00camp
_zFree eBook from the Internet Archive
856 4 2 _uhttp://www.openlibrary.org/books/OL11418675M
_zAdditional information and access via Open Library
999 _c19961
_d19961